000 00556nam a2200205Ia 4500
003 0100
005 20170113152701.0
008 130303s9999 xx 000 0 und d
040 _cARRUPELIB
050 _aBT695.5 2004
245 _aBiodiversity and ecology as interdisciplinary challenge
260 _aAdelaide
260 _bATF Press
300 _avii
300 _b 160p. 21cm.
650 _aEcology
_928351
650 _aEcology
_xReligious aspects
_921194
700 _aEdwards, Denis ; Worthing, Mark eds.
_928352
942 _2lcc
_cMONOGRAPH
999 _c63577
_d63577